Estados do Brasil com mais de 8 milhões de habitantes - Statistics

Estatísticas Gerais
  • Esse quiz foi jogado 308 vezes
  • A pontuação média é 8 de 9
Estatísticas das Respostas
Hint Resposta % Correto
1 São Paulo
100%
3 Rio de Janeiro
97%
4 Bahia
94%
2 Minas Gerais
93%
9 Pará
92%
5 Rio Grande do Sul
92%
6 Paraná
84%
7 Pernambuco
76%
8 Ceará
73%
Nenhum quiz correspondente encontrado
Distribuição das Pontuações
Porcentagem de Pessoas com Cada Pontuação
Percentil de Números Respondidos
Sua Pontuação Histórica
Você não jogou esse quiz